NBC Shows by Three Cast Members Quiz Stats

 Plays Quiz not verified by Sporcle

Challenge
Share
Tweet
Embed
Score 0/32 Timer 05:00
2 Plays Today
% Correct
Friends
95.3%
Seinfeld
95%
The Cosby Show
94.9%
The Fresh Prince of Bel-Air
94.7%
The Golden Girls
94.1%
30 Rock
92.7%
Frasier
91.9%
The Office
91.5%
Cheers
91.1%
3rd Rock from the Sun
89.9%
Will & Grace
89.8%
Parks and Recreation
87.7%
Mad About You
86.5%
Blossom
86.4%
Scrubs
85.9%
Saved by the Bell: The College Years
85.6%
% Correct
Family Ties
85.4%
Diff'rent Strokes
83.9%
My Name Is Earl
81.5%
Just Shoot Me
81.1%
I Dream of Jeannie
79.9%
Suddenly Susan
76.5%
Community
76%
Night Court
76%
The Facts of Life
74.5%
Caroline in the City
73.2%
Superstore
72.8%
Wings
71.3%
NewsRadio
70%
Empty Nest
64.3%
Gimme a Break
63.9%
The Hogan Family
61.9%

You're not logged in!

Compare scores with friends on all Sporcle quizzes.
Join for Free
OR
Log In

You Might Also Like...

Show Comments

Extras

Top Quizzes Today


Score Distribution

Your Account Isn't Verified!

In order to create a playlist on Sporcle, you need to verify the email address you used during registration. Go to your Sporcle Settings to finish the process.

Report this User

Report this user for behavior that violates our Community Guidelines.

Details: